000 00682nam a2200289Ia 4500
005 20260324112315.0
008 008 260324s9999 xx 000 0 eng d
020 _a9781032689791
037 _aEBOOK
040 _aCRL
040 _beng
040 _cCRL
041 _2eng
041 _aeng
084 _qCRL
100 _aMagda Dragu
_91142148
245 0 _aSubversion and Conformity of Literary Collage
245 0 _bBetween Cut and Glue
260 _bTaylor and Francis
260 _c2024
365 _a
365 _b230
856 _uhttp://www.taylorfrancis.com/books/9781032689791
942 _cEBOOK
999 _c1731301
_d1731301